[Event "XI Festival A"]
[Site "Nichelino ITA"]
[Date "2010.10.01"]
[Round "2"]
[White "Pesiri, Rossano"]
[Black "Damia, Angelo"]
[Result "0-1"]
[WhiteElo "1960"]
[BlackElo "2287"]
[PlyCount "60"]
[EventDate "2010.09.30"]

1. d4 c5 2. d5 Nf6 3. c4 a6 4. Nc3 b5 5. cxb5 axb5 6. Nxb5 d6 7. f3 g6 8. e4
Bg7 9. Bd3 O-O 10. Ne2 Ba6 11. a4 Nfd7 12. f4 Nb6 13. Nec3 N8d7 14. Be3 c4 15.
Be2 Bxb5 16. axb5 Rxa1 17. Qxa1 Qc7 18. O-O Nc5 19. Qa3 Ra8 20. Qb4 Nd3 21.
Bxd3 cxd3 22. Rd1 Qc4 23. Qxc4 Nxc4 24. Rxd3 Nxb2 25. Rd4 Bxd4 26. Bxd4 Na4 27.
Kf2 Nxc3 28. Bxc3 Rb8 29. Bd4 Rxb5 30. Kf3 f5 0-1

[Event "XI Festival A"]
[Site "Nichelino ITA"]
[Date "2010.10.01"]
[Round "2"]
[White "Petrini, Alberto"]
[Black "Lombardi, Mariano"]
[Result "1/2-1/2"]
[WhiteElo "1711"]
[BlackElo "2117"]
[PlyCount "95"]
[EventDate "2010.09.30"]

1. d4 d5 2. c4 c6 3. Nf3 Nf6 4. Nc3 dxc4 5. a4 Bf5 6. e3 e6 7. Bxc4 Bb4 8. O-O
O-O 9. Qe2 Bg6 10. Ne5 Bh5 11. f3 Nbd7 12. Nd3 Be7 13. Nf4 Nb6 14. Nxh5 Nxh5
15. Bb3 g6 16. Rd1 Bf6 17. Bd2 Nd5 18. Nxd5 exd5 19. Bc3 Re8 20. Qf2 Qe7 21.
Re1 Bg5 22. Bd2 Ng7 23. e4 Bxd2 24. Qxd2 Qd6 25. exd5 cxd5 26. Qa5 Ne6 27. Qxd5
Qxd5 28. Bxd5 Nxd4 29. Rxe8+ Rxe8 30. Rd1 Ne2+ 31. Kf2 Nf4 32. Bc4 Re7 33. g3
Ne6 34. Rd2 Rc7 35. Bxe6 fxe6 36. Ke3 Kf7 37. h4 Kf6 38. b3 h5 39. Rd4 Rc3+ 40.
Rd3 Rc7 41. Ke4 Rc6 42. Rd7 Rb6 43. Rd3 Rb4+ 44. Ke3 Ke5 45. Rc3 b6 46. Rd3 a5
47. Rc3 Kd5 48. Rd3+ 1/2-1/2

[Event "XI Festival A"]
[Site "Nichelino ITA"]
[Date "2010.10.01"]
[Round "2"]
[White "Razzano, Lorenzo"]
[Black "Topczewski, Damian"]
[Result "0-1"]
[WhiteElo "1928"]
[BlackElo "2165"]
[PlyCount "108"]
[EventDate "2010.09.30"]

1. e4 d5 2. Nc3 d4 3. Nce2 e5 4. Ng3 Be6 5. Bb5+ Nd7 6. N1e2 c6 7. Ba4 Nc5 8.
Bb3 d3 9. Nc3 Bxb3 10. cxb3 h5 11. b4 Ne6 12. Qa4 Nd4 13. O-O Nh6 14. b5 h4 15.
Nf5 Nhxf5 16. exf5 h3 17. g3 Ne2+ 18. Kh1 Nxc3 19. bxc3 Qd5+ 20. f3 cxb5 21.
Qe4 Qxe4 22. fxe4 Rh6 23. Rb1 Rb6 24. Rb3 O-O-O 25. Ba3 Bxa3 26. Rxa3 b4 27.
Rb3 bxc3 28. Rxc3+ Kb8 29. a3 Rb2 30. Rd1 b5 31. Kg1 b4 32. axb4 Rxb4 33. Re1
a5 34. Kf2 Rdd4 35. Rec1 Rxe4 36. Rxd3 Red4 37. Ke3 Rxd3+ 38. Kxd3 f6 39. Ra1
a4 40. Ra2 Kc7 41. Kc3 Rd4 42. d3 Rg4 43. Rb2 Kc6 44. Rb8 Kc5 45. Rc8+ Kd6 46.
Rh8 e4 47. d4 Rg5 48. g4 Rxg4 49. Rxh3 Rf4 50. Rh7 Kd5 51. Rxg7 Rf3+ 52. Kb4
Kxd4 53. Kxa4 e3 54. Rd7+ Ke4 0-1

[Event "XI Festival A"]
[Site "Nichelino ITA"]
[Date "2010.10.01"]
[Round "2"]
[White "Revello, Beatrice"]
[Black "Gambarino, Federico"]
[Result "0-1"]
[WhiteElo "1722"]
[BlackElo "1868"]
[PlyCount "64"]
[EventDate "2010.09.30"]

1. d4 Nf6 2. c4 g6 3. Bf4 Bg7 4. e3 O-O 5. Nf3 d6 6. Bd3 c5 7. O-O Nh5 8. Bg3
Nxg3 9. fxg3 Bg4 10. Be2 cxd4 11. Nxd4 Bxe2 12. Qxe2 Nd7 13. Nc3 Ne5 14. Rac1
Rc8 15. b3 a6 16. Nf3 Ng4 17. h3 Nf6 18. g4 h6 19. Kh1 b5 20. cxb5 Rxc3 21.
Rxc3 Ne4 22. Kh2 Nxc3 23. Qd3 Nxb5 24. a4 Nc7 25. Rc1 a5 26. Qc4 Ne6 27. b4 Qb8
28. Kh1 Qxb4 29. Qxb4 axb4 30. Rb1 Bc3 31. g3 Ra8 32. h4 Rxa4 0-1

[Event "XI Festival A"]
[Site "Nichelino ITA"]
[Date "2010.10.01"]
[Round "2"]
[White "Rizzo, Simone"]
[Black "Blundo, Michele"]
[Result "1/2-1/2"]
[WhiteElo "1890"]
[BlackElo "1743"]
[PlyCount "42"]
[EventDate "2010.09.30"]

1. d4 d5 2. c4 e6 3. Nc3 Nf6 4. Bg5 Be7 5. e3 O-O 6. Nf3 Nbd7 7. Bd3 a6 8. O-O
dxc4 9. Bxc4 b5 10. Bd3 Bb7 11. Qc2 h6 12. Bh4 Rc8 13. Ne4 Nd5 14. Bxe7 Qxe7
15. a3 c5 16. Qe2 Rfd8 17. Rac1 c4 18. Bb1 N5f6 19. Nxf6+ Nxf6 20. Ne5 Nd7 21.
Qc2 Nf8 1/2-1/2

[Event "XI Festival A"]
[Site "Nichelino ITA"]
[Date "2010.10.01"]
[Round "2"]
[White "Sattanino, Andrea"]
[Black "Moncelli, Giorgio"]
[Result "0-1"]
[WhiteElo "1818"]
[BlackElo "2089"]
[PlyCount "56"]
[EventDate "2010.09.30"]

1. d4 Nf6 2. c4 g6 3. Nc3 d5 4. cxd5 Nxd5 5. e4 Nxc3 6. bxc3 Bg7 7. Bc4 c5 8.
Be3 Nc6 9. Ne2 O-O 10. O-O Qc7 11. e5 cxd4 12. cxd4 Nxe5 13. dxe5 Qxc4 14. Rc1
Qe4 15. Ng3 Qxe5 16. Re1 Be6 17. Bxa7 Qa5 18. Bc5 Rfd8 19. Qe2 Bh6 20. Bxe7 Re8
21. Rc5 Qb4 22. Bd6 Rxa2 23. Rc2 Qxe1+ 24. Qxe1 Rxc2 25. f4 Rec8 26. Nf1 Bd5
27. Ne3 Rc1 28. Nd1 Bb3 0-1

[Event "XI Festival A"]
[Site "Nichelino ITA"]
[Date "2010.10.02"]
[Round "3"]
[White "Babilonia, Mauricio Rafael"]
[Black "Sattanino, Andrea"]
[Result "1-0"]
[WhiteElo "2007"]
[BlackElo "1818"]
[PlyCount "125"]
[EventDate "2010.09.30"]

1. d4 Nf6 2. c4 e5 3. dxe5 Ng4 4. Nf3 Bc5 5. e3 Nc6 6. Be2 Ngxe5 7. Nbd2 O-O 8.
a3 a5 9. b3 Re8 10. O-O Qf6 11. Ra2 Qh6 12. Ne4 Nxf3+ 13. Bxf3 Bf8 14. Rd2 Ne5
15. Bb2 Ra6 16. Rd5 Nxf3+ 17. Qxf3 f6 18. Ng3 d6 19. Rfd1 Qg6 20. h3 Bd7 21.
R5d4 Raa8 22. Qxb7 Rab8 23. Qxc7 Rxb3 24. Qxd7 Rxb2 25. Qf5 Re5 26. Qxg6 hxg6
27. R1d3 f5 28. Nf1 Rb1 29. g3 Rc5 30. Kg2 Kf7 31. Nd2 Rd1 32. Nb3 Rxd3 33.
Rxd3 Rxc4 34. Nxa5 Ra4 35. Nc6 Kf6 36. h4 g5 37. hxg5+ Kxg5 38. Nb4 g6 39. Nd5
Ra5 40. Kf3 Ra7 41. Ke2 Kh6 42. Kd2 Kg7 43. Kc2 Kf7 44. Kb3 Ke6 45. Nb4 Be7 46.
a4 Rb7 47. Kc4 Rc7+ 48. Kb3 Rb7 49. Kc3 Ra7 50. Kb3 Rb7 51. a5 d5 52. Rd4 Bc5
53. a6 Rb8 54. Ka4 Bxd4 55. exd4 Kd6 56. Ka5 Rh8 57. a7 Rg8 58. Ka6 Rh8 59. Kb7
Rh7+ 60. Ka6 Rh8 61. Kb6 Re8 62. Nc6 Re2 63. a8=Q 1-0

[Event "XI Festival A"]
[Site "Nichelino ITA"]
[Date "2010.10.02"]
[Round "3"]
[White "Bisi, Samuele"]
[Black "Martin, Tiziano"]
[Result "1-0"]
[WhiteElo "1829"]
[BlackElo "1955"]
[PlyCount "45"]
[EventDate "2010.09.30"]

1. d4 Nf6 2. c4 e6 3. Nf3 d5 4. Nc3 Nbd7 5. Bg5 Be7 6. e3 O-O 7. Rc1 a6 8. cxd5
exd5 9. Bd3 c6 10. O-O Ne4 11. Bf4 Ndf6 12. Qc2 Nd6 13. h3 g6 14. a3 Bf5 15.
Bxd6 Bxd6 16. Bxf5 gxf5 17. Qxf5 Qe7 18. Rfe1 Rae8 19. e4 Nxe4 20. Nxe4 dxe4
21. Ng5 f6 22. Rxe4 fxg5 23. Rxe7 1-0

[Event "XI Festival A"]
[Site "Nichelino ITA"]
[Date "2010.10.02"]
[Round "3"]
[White "Cacinschi, Alexandru"]
[Black "Barbiso, Tiziana"]
[Result "1/2-1/2"]
[WhiteElo "1959"]
[BlackElo "2035"]
[PlyCount "58"]
[EventDate "2010.09.30"]

1. d4 d5 2. Nf3 Nf6 3. c4 e6 4. g3 c6 5. Bg2 Nbd7 6. Qc2 Bd6 7. O-O O-O 8. Rd1
Re8 9. e3 Qe7 10. Nbd2 e5 11. cxd5 Nxd5 12. Nc4 Bc7 13. e4 Nb4 14. Qb3 exd4 15.
Nxd4 Nf6 16. Bg5 Na6 17. Ne3 Nc5 18. Nef5 Bxf5 19. Nxf5 Nxb3 20. Nxe7+ Rxe7 21.
Bxf6 gxf6 22. axb3 Kg7 23. Rd2 Be5 24. Bh3 Bc7 25. Bf5 Bb6 26. Rad1 Ree8 27.
Rd7 Rad8 28. Kg2 h6 29. h4 Kf8 1/2-1/2

[Event "XI Festival A"]
[Site "Nichelino ITA"]
[Date "2010.10.02"]
[Round "3"]
[White "Damia, Angelo"]
[Black "Manni, Stefano"]
[Result "1-0"]
[WhiteElo "2287"]
[BlackElo "2005"]
[PlyCount "87"]
[EventDate "2010.09.30"]

1. d4 d5 2. c4 c6 3. Nc3 e6 4. e4 dxe4 5. Nxe4 Bb4+ 6. Bd2 Qxd4 7. Bxb4 Qxe4+
8. Be2 Na6 9. Bc3 f6 10. Nf3 Ne7 11. O-O O-O 12. Qd2 e5 13. Rfe1 Bf5 14. Rad1
Ng6 15. c5 Nc7 16. b3 Qc2 17. Bc4+ Kh8 18. Qxc2 Bxc2 19. Rd7 Nd5 20. Bxd5 cxd5
21. Rxd5 Rfd8 22. Rd2 Rxd2 23. Bxd2 Rd8 24. Rc1 Be4 25. Ba5 Rd5 26. Ne1 Nf4 27.
Kf1 Nd3 28. Nxd3 Bxd3+ 29. Ke1 Kg8 30. Bd2 Bb5 31. Be3 Kf7 32. a4 Bc6 33. Ke2
Ke6 34. h4 f5 35. g3 h6 36. Rc4 Rd7 37. Rc2 Be4 38. Rc3 Bc6 39. Rc1 a6 40. Rc4
Be4 41. Rb4 Bc6 42. Rb6 Kf6 43. b4 g5 44. b5 1-0

[Event "XI Festival A"]
[Site "Nichelino ITA"]
[Date "2010.10.02"]
[Round "3"]
[White "Davter, Mauro"]
[Black "Medaglia, Enzo"]
[Result "1/2-1/2"]
[WhiteElo "1713"]
[BlackElo "1756"]
[PlyCount "109"]
[EventDate "2010.09.30"]

1. Nf3 c5 2. c4 d6 3. Nc3 Nc6 4. g3 g6 5. Bg2 Bg7 6. O-O Nf6 7. d4 cxd4 8. Nxd4
Nxd4 9. Qxd4 O-O 10. Qh4 Ne8 11. Bh6 Bxh6 12. Qxh6 Ng7 13. Rfd1 Rb8 14. Rac1
Nf5 15. Qf4 Kg7 16. c5 Bd7 17. e4 e5 18. Qd2 Nd4 19. cxd6 Bg4 20. Re1 Qxd6 21.
Nd5 Rbd8 22. Qe3 Rc8 23. h3 Rxc1 24. Rxc1 Ne2+ 25. Kh2 Nxc1 26. hxg4 Nxa2 27.
Qxa7 Qa6 28. Qc5 Qc6 29. Qe3 Qc1 30. Qb3 Qh6+ 31. Bh3 Nc1 32. Qxb7 Ne2 33. Qe7
g5 34. Qxe5+ f6 35. Qe7+ Rf7 36. Qe8 Nd4 37. Ne3 Nf3+ 38. Kg2 Nd4 39. Nf5+ Nxf5
40. gxf5 Rf8 41. Qe7+ Kh8 42. g4 Qg7 43. Qc5 h5 44. b4 Rb8 45. Kg3 h4+ 46. Kh2
Qd7 47. Bf1 Rc8 48. Qb6 Qd2 49. Qxf6+ Kh7 50. Qg6+ Kh8 51. Qh6+ Kg8 52. Qe6+
Kg7 53. Qxc8 Qxf2+ 54. Bg2 Qg3+ 55. Kg1 1/2-1/2

[Event "XI Festival A"]
[Site "Nichelino ITA"]
[Date "2010.10.02"]
[Round "3"]
[White "Moncelli, Giorgio"]
[Black "Passerotti, Pierluigi"]
[Result "1/2-1/2"]
[WhiteElo "2089"]
[BlackElo "2268"]
[PlyCount "57"]
[EventDate "2010.09.30"]

1. c4 c5 2. Nf3 Nf6 3. g3 e6 4. Bg2 d5 5. cxd5 exd5 6. d4 Nc6 7. Nc3 Be7 8. O-O
O-O 9. dxc5 Bxc5 10. Bg5 d4 11. Bxf6 Qxf6 12. Nd5 Qd8 13. Nd2 a6 14. Nb3 Ba7
15. Rc1 Re8 16. Nf4 Qf6 17. Nc5 Bxc5 18. Rxc5 Bd7 19. Qc2 Rab8 20. Rd1 g6 21.
Be4 Rbd8 22. a3 Re5 23. b4 Be8 24. Bg2 Rd6 25. Nd3 Rxc5 26. Nxc5 Qe7 27. Qd2 h5
28. h4 Rd8 29. Bf3 1/2-1/2

[Event "XI Festival A"]
[Site "Nichelino ITA"]
[Date "2010.10.02"]
[Round "3"]
[White "Negro, Francesco P."]
[Black "Revello, Beatrice"]
[Result "1-0"]
[WhiteElo "1752"]
[BlackElo "1722"]
[PlyCount "141"]
[EventDate "2010.09.30"]

1. e4 e5 2. Nf3 Nc6 3. d4 exd4 4. Nxd4 Bc5 5. Nb3 Bb6 6. Nc3 a6 7. Qe2 Nge7 8.
Nd5 Ba7 9. Be3 O-O 10. Bxa7 Rxa7 11. Qd2 Re8 12. O-O-O Ng6 13. f3 Nce5 14. Qc3
b6 15. Be2 Qg5+ 16. Ne3 Rd8 17. g3 Qe7 18. Nd5 Qd6 19. f4 Nc6 20. Nxb6 Nxf4 21.
Bc4 Qh6 22. Kb1 cxb6 23. gxf4 Rf8 24. Rhg1 Kh8 25. Rg3 Ne7 26. Rdg1 Qf6 27. e5
Qxf4 28. Rxg7 Ng6 29. e6 f6 30. Rf7 Rxf7 31. exf7 Kg7 32. Nd4 Rc7 33. Qb4 d6
34. Be6 Qe5 35. Nf5+ Kf8 36. Bxc8 Rxc8 37. Nxd6 Qc5 38. Qxc5 Rxc5 39. Re1 Re5
40. Rd1 f5 41. c4 f4 42. Kc2 f3 43. Rf1 Re2+ 44. Kd3 Nf4+ 45. Kd4 f2 46. Ne4
Nh3 47. Kd3 Re1 48. Nd2 Rxf1 49. Nxf1 Kxf7 50. b4 Ke6 51. a4 Kd6 52. Ke3 Ke5
53. Ng3 Ng5 54. a5 bxa5 55. bxa5 h5 56. Kxf2 Ne4+ 57. Nxe4 Kxe4 58. Kg3 Kd4 59.
Kh4 Kxc4 60. Kxh5 Kb4 61. Kg6 Kxa5 62. h4 Kb4 63. h5 a5 64. h6 a4 65. h7 a3 66.
h8=Q Kb3 67. Qa1 a2 68. Kf5 Ka3 69. Ke4 Kb3 70. Kd3 Ka3 71. Kc3 1-0

[Event "XI Festival A"]
[Site "Nichelino ITA"]
[Date "2010.10.02"]
[Round "3"]
[White "Paoli, Mario"]
[Black "Bullita, Simone"]
[Result "1-0"]
[WhiteElo "1761"]
[BlackElo "1738"]
[PlyCount "73"]
[EventDate "2010.09.30"]

1. d4 e6 2. c4 d5 3. Nc3 c6 4. a4 h6 5. Nf3 Bd6 6. e3 Nf6 7. c5 Bc7 8. b4 Nbd7
9. Be2 e5 10. dxe5 Nxe5 11. Nd4 Qe7 12. Qc2 g6 13. O-O O-O 14. f3 Kg7 15. b5
Bd7 16. a5 Rac8 17. b6 axb6 18. axb6 Bb8 19. Ra5 Be6 20. Qd2 Ned7 21. e4 Rh8
22. Nxe6+ fxe6 23. Bd1 Ne5 24. Bb3 Nf7 25. Bb2 Be5 26. f4 Bxc3 27. Qxc3 dxe4
28. Re1 Nd8 29. Rxe4 Kf7 30. Re1 Rg8 31. h3 Rf8 32. Qe5 Re8 33. g4 Rg8 34. Ra7
Re8 35. g5 hxg5 36. fxg5 Nh5 37. Rf1+ 1-0

[Event "XI Festival A"]
[Site "Nichelino ITA"]
[Date "2010.10.02"]
[Round "3"]
[White "Petrini, Alberto"]
[Black "De Renzi, Giuseppe"]
[Result "1-0"]
[WhiteElo "1711"]
[BlackElo "1578"]
[PlyCount "29"]
[EventDate "2010.09.30"]

1. d4 Nf6 2. c4 g6 3. Nc3 Bg7 4. e4 d6 5. f3 b6 6. Be3 Bb7 7. Bd3 Nc6 8. Nge2
Qd7 9. a3 O-O-O 10. b4 e5 11. d5 Ne7 12. O-O Kb8 13. c5 Bc8 14. c6 Qe8 15. Qa4
1-0

[Event "XI Festival A"]
[Site "Nichelino ITA"]
[Date "2010.10.02"]
[Round "3"]
[White "Picarella, Marco"]
[Black "Razzano, Lorenzo"]
[Result "1-0"]
[WhiteElo "1892"]
[BlackElo "1928"]
[PlyCount "58"]
[EventDate "2010.09.30"]

1. d4 f5 2. c4 e6 3. Nf3 Nf6 4. g3 Bb4+ 5. Bd2 Be7 6. Bg2 O-O 7. O-O d6 8. b4
Qe8 9. Nc3 c6 10. Rb1 Bd8 11. Ne1 e5 12. dxe5 dxe5 13. Nd3 e4 14. Nf4 Nbd7 15.
f3 e3 16. Bc1 g5 17. Nd3 Bc7 18. f4 gxf4 19. Nxf4 Ng4 20. h3 Nf2 21. Qd4 Bxf4
22. Qxf4 Nf6 23. Bxe3 N2e4 24. Nxe4 Nxe4 25. Bxe4 fxe4 26. Qg5+ Qg6 27. Rxf8+
Kxf8 28. Rf1+ Ke8 29. Qe5+ Be6 1-0

[Event "XI Festival A"]
[Site "Nichelino ITA"]
[Date "2010.10.02"]
[Round "3"]
[White "Pulito, Alberto"]
[Black "Grinza, Andrea"]
[Result "1/2-1/2"]
[WhiteElo "2263"]
[BlackElo "2239"]
[PlyCount "81"]
[EventDate "2010.09.30"]

1. e4 c6 2. d4 d5 3. e5 Bf5 4. Nd2 e6 5. g4 Bg6 6. Ne2 c5 7. h4 h5 8. Nf4 Ne7
9. Bb5+ Nbc6 10. gxh5 Bh7 11. dxc5 a6 12. Ba4 Qa5 13. c3 Qxc5 14. Nf3 O-O-O 15.
Be3 Qa5 16. O-O Be4 17. b4 Bxf3 18. bxa5 Bxd1 19. Rfxd1 Nxe5 20. Bb6 Rd6 21.
Bc5 Nf3+ 22. Kf1 Nf5 23. Bxd6 Bxd6 24. Ng2 Rxh5 25. c4 d4 26. c5 Bc7 27. c6
bxc6 28. Bxc6 N3xh4 29. Nxh4 Rxh4 30. Rab1 Bxa5 31. Rb7 Rf4 32. Kg1 Nd6 33. Rd7
Bb4 34. Rc1 Bc3 35. Rb1 Nc4 36. Rbb7 Ne5 37. Rbc7+ Kb8 38. Rb7+ Kc8 39. Rbc7+
Kb8 40. Rb7+ Kc8 41. Rbc7+ 1/2-1/2

[Event "XI Festival A"]
[Site "Nichelino ITA"]
[Date "2010.10.02"]
[Round "3"]
[White "Ravazzolo, Gaia"]
[Black "Rizzo, Simone"]
[Result "0-1"]
[WhiteElo "1722"]
[BlackElo "1890"]
[PlyCount "120"]
[EventDate "2010.09.30"]

1. d4 d5 2. Nf3 e6 3. c4 f5 4. Nc3 Nf6 5. Bg5 Be7 6. g3 O-O 7. cxd5 exd5 8. Bg2
c6 9. O-O Ne4 10. Bxe7 Qxe7 11. e3 Nd7 12. Qc2 g5 13. Rab1 Nxc3 14. Qxc3 a5 15.
a3 f4 16. exf4 gxf4 17. Rbe1 Qg7 18. Re2 Nf6 19. Ne5 Bf5 20. Rfe1 Rfe8 21. Nd3
fxg3 22. Rxe8+ Rxe8 23. Rxe8+ Nxe8 24. fxg3 Nd6 25. Ne5 Qc7 26. Bxd5+ Kh8 27.
Bg2 Qb6 28. Nf3 Be4 29. Kh1 Bd5 30. b4 axb4 31. axb4 Ne4 32. Qb2 Qb5 33. Ne5
Nc3 34. Qf2 Bxg2+ 35. Kxg2 Qd5+ 36. Kg1 Qxd4 37. Qxd4 Ne2+ 38. Kf2 Nxd4 39. Ke3
Nc2+ 40. Kd3 Nxb4+ 41. Kc4 Na6 42. Nf7+ Kg7 43. Nd8 b5+ 44. Kb3 c5 45. Ne6+ Kf6
46. Nf4 Kg5 47. Nd5 h5 48. Nc3 c4+ 49. Kb2 Nc7 50. Ne4+ Kf5 51. Nd6+ Kg4 52.
Ne4 Kh3 53. Nf6 Kxh2 54. Nxh5 Kh3 55. Kc3 Kg4 56. Nf6+ Kxg3 57. Ne4+ Kf4 58.
Nd6 Nd5+ 59. Kd4 c3 60. Nxb5 c2 0-1

[Event "XI Festival A"]
[Site "Nichelino ITA"]
[Date "2010.10.02"]
[Round "3"]
[White "Topczewski, Damian"]
[Black "Torrione, William"]
[Result "1-0"]
[WhiteElo "2165"]
[BlackElo "2018"]
[PlyCount "125"]
[EventDate "2010.09.30"]

1. e4 e5 2. Nf3 Nf6 3. Nxe5 d6 4. Nf3 Nxe4 5. Nc3 Nxc3 6. dxc3 Nc6 7. Be3 Be7
8. Qd2 a6 9. O-O-O Be6 10. Kb1 Qd7 11. Nd4 Nxd4 12. cxd4 d5 13. Be2 Bd6 14.
Rhe1 O-O-O 15. Qa5 Qc6 16. Rc1 Rhe8 17. h4 f6 18. Bd3 h6 19. Bg6 Re7 20. Bd2
Bd7 21. Rxe7 Bxe7 22. Bf4 Bd6 23. Qd2 Be8 24. Bf5+ Bd7 25. Bg6 Be8 26. Bd3 Bf7
27. Qe3 g5 28. hxg5 hxg5 29. Bxd6 Qxd6 30. Re1 Re8 31. Qh3+ Kd8 32. Rh1 Qe6 33.
b3 Qxh3 34. Rxh3 Be6 35. Rh6 Ke7 36. Rh7+ Kd6 37. c4 dxc4 38. bxc4 b5 39. cxb5
axb5 40. Rh6 Rf8 41. Bc2 Bc4 42. Kb2 Kd5 43. Rh7 Kxd4 44. Rxc7 Rd8 45. a3 Rd6
46. Re7 Re6 47. Rd7+ Kc5 48. Rd2 Re2 49. Rxe2 Bxe2 50. Kc3 Bc4 51. Bf5 Bf1 52.
g3 Bc4 53. Bg6 Bf1 54. Bf7 Bg2 55. Kd3 Bd5 56. Bxd5 Kxd5 57. g4 Kc5 58. Kc3 Kd5
59. Kb4 Kc6 60. Ka5 Kc5 61. f3 Kc6 62. Ka6 Kc5 63. Kb7 1-0

[Event "XI Festival A"]
[Site "Nichelino ITA"]
[Date "2010.10.02"]
[Round "3"]
[White "Zunino, Davide"]
[Black "Araniti, Michelangelo"]
[Result "1-0"]
[WhiteElo "2001"]
[BlackElo "1774"]
[PlyCount "65"]
[EventDate "2010.09.30"]

1. d4 e6 2. Bf4 d5 3. e3 Bd6 4. Bg3 Nf6 5. Bd3 Ne4 6. Nd2 f5 7. Ne2 c5 8. c3 c4
9. Bxe4 fxe4 10. Bxd6 Qxd6 11. Nf4 O-O 12. f3 exf3 13. Nxf3 Bd7 14. O-O Nc6 15.
Qd2 Rf6 16. Rad1 Raf8 17. Qc2 b5 18. Ng5 g6 19. h4 Kg7 20. Nf3 Ne7 21. g4 Be8
22. Qh2 Kg8 23. Kg2 Nc6 24. Qh3 Bd7 25. h5 Qe7 26. hxg6 hxg6 27. Ne5 Be8 28.
Rh1 Qg7 29. g5 Rxf4 30. exf4 Rf5 31. Ng4 Bf7 32. Nh6+ Kf8 33. Nxf5 1-0

[Event "XI Festival A"]
[Site "Nichelino ITA"]
[Date "2010.10.02"]
[Round "4"]
[White "Araniti, Michelangelo"]
[Black "Gambarino, Federico"]
[Result "1/2-1/2"]
[WhiteElo "1774"]
[BlackElo "1868"]
[PlyCount "114"]
[EventDate "2010.09.30"]

1. Nf3 Nf6 2. d4 g6 3. Nc3 d5 4. Bg5 Nbd7 5. e3 Bg7 6. Bd3 O-O 7. O-O h6 8. Bh4
c6 9. h3 Qb6 10. Na4 Qa5 11. b3 b5 12. Nb2 Re8 13. c4 bxc4 14. bxc4 Rb8 15. Qc2
Ba6 16. Rfb1 Nb6 17. Bg3 Rbc8 18. c5 Bxd3 19. Qxd3 Nbd7 20. Nd2 e5 21. a4 exd4
22. exd4 Ne4 23. Nb3 Qc3 24. a5 Qxd3 25. Nxd3 Nc3 26. Re1 Ne2+ 27. Kh2 Nxd4 28.
Nxd4 Bxd4 29. Rxe8+ Rxe8 30. Rc1 Re4 31. Bd6 Ne5 32. Nxe5 Bxe5+ 33. Kg1 Bb2 34.
Rb1 Rb4 35. Re1 Re4 36. Rb1 Re2 37. Kf1 Rc2 38. Re1 Rc1 39. a6 Rxe1+ 40. Kxe1
Bd4 41. Ke2 f5 42. f4 Kf7 43. Kd3 Bg1 44. Ke2 Ke6 45. Kd3 g5 46. fxg5 hxg5 47.
Kc3 d4+ 48. Kc4 d3 49. Kxd3 Kd5 50. Be7 g4 51. h4 Bd4 52. h5 f4 53. h6 Bh8 54.
Bf8 Ke6 55. Bd6 Kd5 56. Bf8 Ke6 57. Bd6 Kd5 1/2-1/2

[Event "XI Festival A"]
[Site "Nichelino ITA"]
[Date "2010.10.02"]
[Round "4"]
[White "Barbiso, Tiziana"]
[Black "Picarella, Marco"]
[Result "1-0"]
[WhiteElo "2035"]
[BlackElo "1892"]
[PlyCount "73"]
[EventDate "2010.09.30"]

1. e4 d6 2. d4 Nf6 3. Nc3 g6 4. f4 Bg7 5. Nf3 c5 6. Bb5+ Bd7 7. Bxd7+ Nbxd7 8.
d5 O-O 9. O-O b5 10. Qe1 b4 11. Nd1 e6 12. dxe6 fxe6 13. Qe2 Qc8 14. Bd2 a5 15.
Ng5 Nb6 16. e5 dxe5 17. fxe5 Nfd5 18. Rxf8+ Bxf8 19. Nf2 h6 20. Nge4 Nd7 21.
Rf1 Qa6 22. Nd3 c4 23. Qg4 g5 24. Qh5 Qa7+ 25. Kh1 N7f6 26. Nxf6+ Nxf6 27. Qg6+
Kh8 28. Rxf6 Qg7 29. Nf2 Rd8 30. Be3 c3 31. b3 Qg8 32. Ne4 Bg7 33. Rxe6 Rf8 34.
Kg1 Rf7 35. Bxg5 Qf8 36. Bf6 Bxf6 37. Rxf6 1-0

[Event "XI Festival A"]
[Site "Nichelino ITA"]
[Date "2010.10.02"]
[Round "4"]
[White "Bisi, Samuele"]
[Black "Moncelli, Giorgio"]
[Result "1/2-1/2"]
[WhiteElo "1829"]
[BlackElo "2089"]
[PlyCount "57"]
[EventDate "2010.09.30"]

1. d4 Nf6 2. c4 g6 3. Nc3 d5 4. Nf3 Bg7 5. Qb3 dxc4 6. Qxc4 O-O 7. e4 Na6 8.
Be2 c5 9. d5 e6 10. O-O exd5 11. exd5 Bf5 12. Bf4 Re8 13. Rad1 Ne4 14. Bd3 Nd6
15. Bxd6 Bxd3 16. Qxd3 Qxd6 17. Nb5 Qd7 18. Nc3 Rad8 19. Rfe1 Rxe1+ 20. Rxe1
Nc7 21. Ne5 Qe7 22. f4 b5 23. Re2 Qd6 24. Nc6 Qxc6 25. dxc6 Rxd3 26. Re7 Bxc3
27. bxc3 Rd6 28. Rxc7 a5 29. Rb7 1/2-1/2

[Event "XI Festival A"]
[Site "Nichelino ITA"]
[Date "2010.10.02"]
[Round "4"]
[White "Bullita, Simone"]
[Black "Davter, Mauro"]
[Result "1/2-1/2"]
[WhiteElo "1738"]
[BlackElo "1713"]
[PlyCount "96"]
[EventDate "2010.09.30"]

1. d4 Nf6 2. Nd2 d5 3. e3 Bf5 4. Ngf3 Nbd7 5. Bd3 Bxd3 6. cxd3 e6 7. Ne5 c5 8.
Nb3 cxd4 9. Nxd7 Qxd7 10. Nxd4 Bc5 11. Nb3 Bd6 12. O-O O-O 13. Bd2 Rac8 14. Rc1
Rxc1 15. Nxc1 Rc8 16. Bc3 e5 17. Qb3 b6 18. Ne2 Qc7 19. h3 a6 20. Rc1 Qb7 21.
Bd2 Rxc1+ 22. Nxc1 Qc6 23. Qc3 Qxc3 24. Bxc3 Nd7 25. Ne2 b5 26. d4 b4 27. Bd2
e4 28. Kf1 Nb6 29. b3 a5 30. Ke1 f5 31. h4 Kf7 32. g3 h6 33. Kf1 g5 34. hxg5
hxg5 35. Kg2 Na8 36. a4 Nc7 37. Kh3 Ne6 38. Kg2 Bc7 39. Kh3 Bb6 40. Kg2 f4 41.
gxf4 gxf4 42. Nxf4 Nxf4+ 43. exf4 Bxd4 44. Be3 Bxe3 45. fxe3 Kf6 46. Kf2 Kf5
47. Kg3 Kf6 48. Kg4 Kg6 1/2-1/2

[Event "XI Festival A"]
[Site "Nichelino ITA"]
[Date "2010.10.02"]
[Round "4"]
[White "D'Ingiullo, Roberto"]
[Black "Zunino, Davide"]
[Result "1-0"]
[WhiteElo "2116"]
[BlackElo "2001"]
[PlyCount "141"]
[EventDate "2010.09.30"]

1. e4 e5 2. Nf3 Nc6 3. d4 exd4 4. Nxd4 Nf6 5. Nxc6 bxc6 6. Nd2 Bc5 7. Be2 d6 8.
O-O Be6 9. Kh1 O-O 10. f4 Rb8 11. Bf3 Re8 12. c3 Bd7 13. Re1 Bf2 14. Re2 Ng4
15. Qf1 Bb6 16. Bxg4 Bxg4 17. Nf3 d5 18. e5 f6 19. exf6 Qxf6 20. Bd2 Qg6 21.
Rxe8+ Rxe8 22. Ne5 Qh5 23. Re1 Bc8 24. Nxc6 Bb7 25. Nd4 Re4 26. Rxe4 dxe4 27.
Qe2 Qd5 28. Qb5 Qd8 29. Qe5 c5 30. Ne6 Qe7 31. Qb8+ Kf7 32. f5 h6 33. Qh8 Kf6
34. Qh7 Qf7 35. c4 Ke7 36. Qxg7 Qxg7 37. Nxg7 Bc7 38. Bxh6 Be5 39. Bg5+ Kf7 40.
Ne6 Bc8 41. Be3 Bxb2 42. Bxc5 Ba6 43. Ng5+ Kf6 44. Nxe4+ Kxf5 45. Nd6+ Ke6 46.
Nb5 Bb7 47. Bxa7 Ke5 48. Bb8+ Ke6 49. Bf4 Kd7 50. Be3 Be5 51. Nd4 Ba6 52. c5
Bc4 53. a4 Kc7 54. h4 Bf7 55. Nf3 Bg3 56. Kg1 Kb7 57. Bf2 Bf4 58. g4 Be8 59. g5
Bxa4 60. g6 Bc6 61. Nd4 Bd5 62. Nf5 Be4 63. g7 Bd5 64. Ne7 Be5 65. Nxd5 Bxg7
66. Nf4 Kc6 67. Kg2 Be5 68. Kf3 Bf6 69. h5 Bg7 70. Kg4 Bc3 71. h6 1-0

[Event "XI Festival A"]
[Site "Nichelino ITA"]
[Date "2010.10.02"]
[Round "4"]
[White "Di Chiara, Mauro"]
[Black "Paoli, Mario"]
[Result "1-0"]
[WhiteElo "1949"]
[BlackElo "1761"]
[PlyCount "111"]
[EventDate "2010.09.30"]

1. Nf3 g6 2. d4 d6 3. e4 Bg7 4. Bd3 Nc6 5. c3 Nf6 6. Bg5 e5 7. O-O h6 8. Bxf6
Bxf6 9. dxe5 dxe5 10. Qc2 O-O 11. Nbd2 a6 12. a4 Be6 13. Rfe1 Kg7 14. Nc4 Qe7
15. Ne3 Rfd8 16. Bc4 Bxc4 17. Nxc4 Qc5 18. Qe2 Rd7 19. b4 Qe7 20. Ne3 Rad8 21.
Rad1 Qe6 22. Rxd7 Rxd7 23. Nd5 Bd8 24. b5 axb5 25. Qxb5 b6 26. c4 Na5 27. Nxe5
c6 28. Qb2 cxd5 29. Nxd7+ f6 30. Qb5 dxc4 31. Qd5 Kf7 32. Kf1 Bc7 33. Rb1 Nb3
34. Ke2 Qxd5 35. exd5 Ke7 36. d6+ Kxd6 37. Nxf6 Ke6 38. Ne4 Kf5 39. f3 h5 40.
Rd1 Ke5 41. Nd2 Nd4+ 42. Ke3 Nc2+ 43. Kf2 Na3 44. Nb1 Nxb1 45. Rxb1 Kd4 46. g3
Kd3 47. Rd1+ Kc2 48. Rd7 Be5 49. Ke2 c3 50. f4 Bh8 51. Rd6 Kc1 52. Rxb6 c2 53.
a5 Bb2 54. a6 Kb1 55. Rc6 Bd4 56. Kd3 1-0